| 000 | 01004njm a2200277Ia 4500 | ||
|---|---|---|---|
| 001 | 25811 | ||
| 003 | IT-RoPAU | ||
| 005 | 20220918181119.0 | ||
| 008 | 131025s9999 xx 000 0 und d | ||
| 040 | _aIT-RoPAU | ||
| 040 | _cIT-RoPAU | ||
| 999 |
_c99652 _d99652 |
||
| 999 | _bSI | ||
| 100 |
_aAA.VV. _9794 |
||
| 100 |
_eAutore musica _914429 |
||
| 100 |
_gCodice autore musica SPICS: 12000 _9796 |
||
| 245 | _aMusiche sacre dei monaci tibetani | ||
| 250 | _a1a ed. | ||
| 260 | _aVARESE | ||
| 260 |
_bARION - DUCALE _c1976 [1a Ed.:1976 - Ed. Lingua Orig.: 1976] |
||
| 300 | _aDISCO | ||
| 300 | _c35 minuti (Testo: pag.) | ||
| 500 | _aMusica sacra religiosa dei monaci tibetani. Musica folk | ||
| 505 | _aMonaci tibetani in preghiera - Richiamo delle conchiglie - Ufficio del mattino - Tamburo a due pelli - Ufficio del pomeriggio - Monaci tibetani in preghiera nel villaggio di Dharamsala - Trombe telescopiche - Ufficio della sera | ||
| 650 |
_aFOLK [DISCHI] _eCodice MATERIA SPICS: 9950 _91209 |
||
| 942 |
_cMD _2ddc |
||